Statistics for Mockumentary Films and Shows by Clue

Click here to take the quiz!

General Stats

  • This quiz has been taken 38 times
  • The average score is 5 of 13

Answer Stats

YearSubject of MockumentaryMockumentary% Correct
2006Kazakh journalist travels through the United States and interacts with AmericansBorat
82%
1984The American tour of a English heavy metal bandThis is Spinal Tap
79%
2001The day-to-day lives of employees in the Slough branch of the Wernham Hogg paper companyThe Office
76%
2000Five entrants in a prestigious dog showBest in Show
50%
2014Group of vampires shares a flat in New Zealand.What We Do in the Shadows
47%
2009Gay Austrian fashion journalistBrüno
45%
1996Residents of Blaine, MO prepare for a theater production led by their eccentric director.Waiting for Guffman
26%
2003After decades apart, three folk bands reunite for a television performance.A Mighty Wind
24%
1999Various contestants of the Sarah Rose Cosmetics Mount Rose American Teen Princess Pageant suspiciously die.Drop Dead Gorgeous
16%
1978Career of an English rock group, suspiciously similar to the BeatlesAll You Need is Cash
13%
1983Man unwittingly takes on the traits of strong personalities around him.Zelig
13%
2010French immigrant in Los Angeles is obsessed with street art and graffiti.Exit Through the Gift Shop
11%
2010Joaquin Phoenix retires from acting to become a hip hop artist.I'm Still Here
8%

Score Distribution

Percentile by Number Answered

Percent of People with Each Score

Your Score History

You have not taken this quiz